000 00513nam a2200181Ia 4500
999 _c15180
_d15180
003 OSt
005 20201113103157.0
008 190216s9999||||xx |||||||||||||| ||und||
020 _a8172450109
040 _coclc
082 _a428.2
_bPHI/C
100 _aPhilips, Sam
_96564
245 0 _aCommon Mistakes In English /
_cSam Phillips
250 _a1st Ed.
260 _bGood Will Publishing House,
_c2000.
_aNew Delhi:
300 _a280p
942 _cBK
_2ddc
_h428.3
_iPHI/C
_k428.3
_mPHI/C